000 00440nam a2200169 i 4500
001 bg
100 1 _aBRAUER, Wolfram
245 0 _aTeoretyczne podstawy fizyki półprzewodników /
_cW. Brauer, H.W. Streitwolf.
250 _aWyd.2 zm.i uzup.
260 _aWarszawa,
_c1982.
700 1 _aSTREITWOLF, Hans Waldemar
040 _cBPK
041 _apol
080 _a537.311
942 _cKS
008 s pl f |000 0 pol
999 _c21765
_d21765
856 _uhttp://koha.tu.koszalin.pl/cgi-bin/koha/opac-detail.pl?biblionumber=21765
_yKatalog online BPK